00682nam a22002297a 450000500170000001000400001702000260005703500130008303500170009603500130011303500140012603700190014003700130015908200120017224500660018426000320025027000440028230000200032665000440034665000420039071000200043220230301114906.0 a1516EN07 ENG-114687 ENG-136085 c695.00a9788174369956 aEN-98219 aB-604030-040 aB-667405 aEN-119617 bAakar/venaDPL bDBAD/PUB a330.954 aBuilding a better India :bHindustan Times Leadership Summit  bRoli Booksc2014aNew Delhi aM-75, G.K. II MarketbNew Delhie110048 a272p.c23cm(Hb) aEconomic history y1990- vCongresses. aWorld politics y1989- vCongresses. aHindustan Times